00926cam a2200229I 45000010008000000030006000080050017000140080041000310100013000720200015000850400030001000500021001300820017001511000044001682450059002122600061002713000019003325000109003516500015004607100075004757760146005501592630OCoLC20181206170714.0750902s1867 pau 000 0 eng  a38007129 a0890860092 aDLCcMIAdCVNdLGGdOCLCF0 aBT265b.H65 1907 a232.3bH662A1 aHodge, Archibald Alexander,d1823-1886.14aThe atonement.cBy the Rev. Archibald Alexander Hodge. aPhiladelphia,bPresbyterian Board of Publicationc[1867] a440 p.c19 cm. aPart of the book appeared as articles in the Presbyterian banner during the winter of 1866-67. cf. Pref. 0aAtonement.2 aPresbyterian Church in the U.S.A. (Old School).bBoard of Publication.08iOnline version:aHodge, Archibald Alexander, 1823-1886.tAtonement.dPhiladelphia, Presbyterian Board of Publication [1867]w(OCoLC)609002416